header

The inner life of a rational agent (Record no. 139370)

MARC details
000 -LEADER
fixed length control field 01173nam a2200301Ia 4500
100 1# - MAIN ENTRY--AUTHOR NAME
Personal name Stout, Rowland.
245 14 - TITLE STATEMENT
Title The inner life of a rational agent
260 ## - PUBLICATION, DISTRIBUTION, ETC. (IMPRINT)
Place of publication Edinburgh :
Name of publisher Edinburgh University Press,
Year of publication c2006.
300 ## - PHYSICAL DESCRIPTION
Number of Pages vii, 221 p. :
Other physical details ill.
650 #0 - SUBJECT ADDED ENTRY--TOPICAL TERM
Topical Term Behaviorism (Psychology)
Topical Term Psychology.
856 40 - ELECTRONIC LOCATION AND ACCESS
Uniform Resource Identifier http://site.ebrary.com/lib/rucke/Doc?id=10172385

No items available.

© 2026 Rongo University
Contact us: librarian | system librarian | Rongo university